[Event "POR-ch 2020"]
[Site "Portimao"]
[Date "2020.09.08"]
[Round "2.4"]
[White "Reis, Luis Sousa"]
[Black "Fidalgo, Andre Neves"]
[Result "0-1"]
[WhiteElo "2154"]
[BlackElo "2268"]
[Annotator "ChessBase"]
[PlyCount "104"]
[EventDate "2020.09.07"]
[EventType "tourn"]
[EventCountry "POR"]
[SourceTitle "playchess.com"]
[Source "ChessBase"]
[SourceQuality "1"]
[TimeControl "5400+30"]

1. Nf3 {[%emt 0:00:13]} c5 {[%emt 0:00:00]} 2. e4 {[%emt 0:02:37]} Nc6 {[%emt 0:00:00]} 3. Bb5 {[%emt 0:01:44]} g6 {[%emt 0:00:11]} 4. O-O {[%emt 0:02:31]} Bg7 {[%emt 0:00:16]} 5. Bxc6 {[%emt 0:02:19]} bxc6 {[%emt 0:00:40]} 6. d3 {[%emt 0:04:28]} Nh6 {[%emt 0:02:21]} 7. Nc3 {[%emt 0:05:03]} O-O {[%emt 0:01:43]} 8. Be3 {[%emt 0:02:38]} d6 {[%emt 0:04:38]} 9. h3 {[%emt 0:10:59]} f5 {[%emt 0:00:39]} 10. Qd2 {[%emt 0:01:11]} Nf7 {[%emt 0:00:51]} 11. Ng5 {[%emt 0:17:27]} Nxg5 {[%emt 0:21:55]} 12. Bxg5 {[%emt 0:00:15]} Rb8 {[%emt 0:00:09]} 13. Rab1 {[%emt 0:02:44]} Rf7 {[%emt 0:04:12]} 14. Rfe1 {[%emt 0:08:33]} Qf8 {[%emt 0:02:40]} 15. exf5 {[%emt 0:00:18]} Bxf5 {[%emt 0:06:10]} 16. Ne4 {[%emt 0:08:07]} e5 {[%emt 0:13:41]} 17. Be3 {[%emt 0:03:42]} Rfb7 {[%emt 0:01:47]} 18. c4 {[%emt 0:02:03]} Rb4 {[%emt 0:04:54]} 19. b3 {[%emt 0:01:40]} a5 {[%emt 0:05:56]} 20. Qc2 {[%emt 0:06:39]} Qd8 {[%emt 0:04:16]} 21. Bg5 {[%emt 0:03:17]} Qc7 {[%emt 0:00:11]} 22. Bd2 {[%emt 0:01:34]} R4b7 {[%emt 0:00:08]} 23. Nc3 {[%emt 0:01:30]} Qf7 {[%emt 0:00:42]} 24. Ne4 {[%emt 0:00:32]} Qc7 {[%emt 0:02:41]} 25. Nc3 {[%emt 0:00:09]} Qd8 {[%emt 0:00:52]} 26. Ne4 {[%emt 0:00:53]} Bf8 {[%emt 0:00:34]} 27. Bg5 {[%emt 0:01:36]} Qc7 {[%emt 0:00:34]} 28. Nc3 {[%emt 0:01:04]} Qf7 {[%emt 0:01:25]} 29. Na4 {[%emt 0:00:33]} Ra8 {[%emt 0:02:37]} 30. Rbd1 {[%emt 0:00:24]} h6 {[%emt 0:00:29]} 31. Be3 {[%emt 0:00:52]} g5 {[%emt 0:00:12]} 32. Qe2 {[%emt 0:00:18]} Qg6 {[%emt 0:01:30]} 33. f3 {[%emt 0:01:07]} Rf7 {[%emt 0:01:52]} 34. Bc1 {[%emt 0:01:01]} Be7 {[%emt 0:01:10]} 35. Nc3 {[%emt 0:01:07]} Raf8 {[%emt 0:00:23]} 36. Ne4 {[%emt 0:00:13]} Be6 {[%emt 0:01:01]} 37. Bd2 {[%emt 0:00:56]} h5 {[%emt 0:03:13]} 38. Nf2 {[%emt 0:03:10]} g4 {[%emt 0:02:44]} 39. hxg4 {[%emt 0:00:26]} hxg4 {[%emt 0:00:06]} 40. Nxg4 {[%emt 0:00:10]} Bxg4 {[%emt 0:00:36]} 41. fxg4 {[%emt 0:00:05]} Bh4 {[%emt 0:00:21]} 42. g3 {[%emt 0:01:46]} Bxg3 {[%emt 0:00:09]} 43. Qe4 {[%emt 0:01:18]} Qg7 {[%emt 0:00:07]} 44. Rf1 {[%emt 0:00:42]} Bf2+ {[%emt 0:02:49]} 45. Kg2 {[%emt 0:00:48]} d5 {[%emt 0:03:43]} 46. Qe2 {[%emt 0:00:15]} Qg6 {[%emt 0:01:15]} 47. Be1 {[%emt 0:01:43]} Rf4 {[%emt 0:01:18]} 48. Bxf2 {[%emt 0:00:42]} Rxg4+ {[%emt 0:00:08]} 49. Qxg4 {[%emt 0:00:06]} Qxg4+ {[%emt 0:00:06]} 50. Bg3 {[%emt 0:00:57]} Qe2+ {[%emt 0:00:09]} 51. Kg1 {[%emt 0:00:15]} Rf3 {[%emt 0:00:56]} 52. Bf2 {[%emt 0:00:43]} Rxf2 {[%emt 0:00:21]} 0-1

[Event "POR-ch 2020"]
[Site "Portimao"]
[Date "2020.09.08"]
[Round "2.5"]
[White "Fernandes, Antonio"]
[Black "Santos, Antonio P"]
[Result "1-0"]
[WhiteElo "2359"]
[BlackElo "2160"]
[Annotator "TA"]
[PlyCount "75"]
[EventDate "2020.09.07"]
[EventType "tourn"]
[EventCountry "POR"]
[SourceTitle "playchess.com"]
[Source "ChessBase"]
[SourceQuality "1"]

{[%evp 9,75,-4,20,19,20,0,29,15,30,35,101,64,70,77,68,29,78,85,73,58,62,60,94,81,91,91,79,87,89,82,87,88,94,109,108,100,107,119,145,140,149,136,296,286,289,287,287,276,319,314,316,314,343,351,618,607,677,696,614,589,1112,1078,3370,3166,2851,878,2543,2384]} 1. e4 c5 2. Nf3 Nc6 3. Bb5 e6 4. O-O Nge7 5. c4 a6 6. Ba4 {B30: Sicilian: 2...Nc6 3 Bb5, lines without ...g6.} Ng6 7. Nc3 Be7 8. d4 {White has an edge.} cxd4 9. Nxd4 {[#]} Qb6 $146 (9... Qc7 $14) ({Predecessor:} 9... O-O 10. Be3 Nce5 11. Bb3 d6 12. f4 Nc6 13. Nxc6 bxc6 14. Qh5 f5 15. Rad1 fxe4 16. Nxe4 {½-½ (41) Vezzosi,P (2280)-Nemet,I (2410) Forli 1993}) 10. Nb3 O-O 11. Be3 Qc7 12. Qe2 Na5 13. Nxa5 Qxa5 14. a3 Bf6 15. b4 Qe5 16. Rac1 b5 17. Bb3 bxc4 18. Bxc4 Bb7 {With the idea ...d5.} 19. f4 Qb8 20. e5 Be7 {[#]} 21. Na4 $1 {[%cal Bc3a4,Ba4b6,Bb6c8][%mdl 32]} Nh4 22. Rf2 Nf5 23. Nb6 Nxe3 24. Qxe3 Qa7 {Hoping for ...Bd8.} 25. Rc3 $36 {[%mdl 2048] White is on the roll.} Rad8 $2 {[#] A mistake that costs the game.} (25... Rae8 $16 {might work better.}) 26. Nc8 $1 {[%mdl 512]} Qxe3 (26... Bxc8 27. Qxa7) 27. Nxe7+ Kh8 28. Rxe3 {And now f5 would win.} Rfe8 29. Rd2 Rxe7 30. Rd6 Ra8 31. Rb6 Bc8 $2 (31... Bd5) 32. Rc3 $18 {White is clearly winning.} d5 33. exd6 Re8 34. Be2 Kg8 35. Bf3 Ra7 36. Rb8 Bd7 37. Rxe8+ {[%mdl 64] Overworked Piece} Bxe8 {[#]} 38. Rc8 $1 {Accuracy: White = 96%, Black = 44%.} 1-0

[Event "POR-ch 2020"]
[Site "Portimao"]
[Date "2020.09.09"]
[Round "3.1"]
[White "Santos, Antonio P"]
[Black "Rocha, Sergio"]
[Result "0-1"]
[WhiteElo "2160"]
[BlackElo "2341"]
[Annotator "TA"]
[PlyCount "50"]
[EventDate "2020.09.07"]
[EventType "tourn"]
[EventCountry "POR"]
[SourceTitle "playchess.com"]
[Source "ChessBase"]
[SourceQuality "1"]

{[%evp 9,50,44,37,28,37,2,8,6,8,2,28,18,22,6,11,4,33,22,43,41,41,42,38,15,47,35,29,0,0,-22,-18,-120,-122,-254,-244,-357,-363,-362,-345,-353,-355,-340,-345]} 1. d4 Nf6 2. c4 e6 3. Nf3 Bb4+ 4. Nbd2 Qe7 5. e3 O-O 6. Be2 {E11: Bogo-Indian.} d6 {[#]} 7. Qb3 $146 ({Predecessor:} 7. O-O Bxd2 8. Nxd2 e5 9. d5 e4 10. Nb3 Nbd7 11. f4 exf3 12. gxf3 Ne5 13. Nd4 Bh3 14. Rf2 {1-0 (45) Ragnarsson,D (2249)-Jonsson,G (2100) Reykjavik 2018}) 7... a5 8. O-O {The position is equal.} Bxd2 9. Bxd2 Ne4 10. Qc2 f5 11. Bd3 Nxd2 12. Nxd2 e5 13. c5 Nc6 14. cxd6 cxd6 15. dxe5 dxe5 16. Bb5 Bd7 17. Nb3 Rfc8 18. Qc4+ Be6 19. Qc5 {[#]} b6 $1 $36 {[%mdl 2560] Black is pushing.} 20. Qxb6 (20. Qxe7 $11 Nxe7 21. Nd2) 20... Rab8 $17 21. Qc5 {White does not recover from this.} ({Wrong is} 21. Qa6 $2 Nb4 $19) (21. Qxc6 $17 Rxc6 22. Bxc6) 21... Bxb3 $1 $19 22. Qxe7 (22. Rfc1 $142 Qxc5 23. Rxc5) 22... Nxe7 23. Bd7 Rc7 24. axb3 {[#] And now Be6+ would win.} Rxd7 25. Rxa5 e4 {Accuracy: White = 59%, Black = 81%.} 0-1

[Event "POR-ch 2020"]
[Site "Portimao"]
[Date "2020.09.09"]
[Round "3.2"]
[White "Fidalgo, Andre Neves"]
[Black "Fernandes, Antonio"]
[Result "1/2-1/2"]
[WhiteElo "2268"]
[BlackElo "2359"]
[Annotator "TA"]
[PlyCount "54"]
[EventDate "2020.09.07"]
[EventType "tourn"]
[EventCountry "POR"]
[SourceTitle "playchess.com"]
[Source "ChessBase"]
[SourceQuality "1"]

{[%evp 15,54,8,43,52,61,6,7,-52,-56,-24,-29,-24,-20,-40,8,0,30,25,31,0,0,-8,0,0,0,0,0,0,0,0,0,0,0,0,0,0,6,0,29,17,90]} 1. d4 Nf6 2. c4 e6 3. Nf3 Be7 4. g3 O-O 5. Bg2 d5 6. O-O dxc4 7. Qc2 a6 8. a4 $1 {8.a4 is better than 8.Qxc4.} b6 9. Ne5 $1 {E05: Open Catalan: 5 Nf3 Be7.} Nd5 {[#]} 10. e4 $146 ({White should try} 10. Qxc4 $14 a5 11. Nc3) ({Predecessor:} 10. Nc3 Bb7 11. Nxd5 Bxd5 12. e4 Bb7 13. Rd1 Qc8 14. d5 exd5 15. exd5 a5 16. Be4 h6 {1-0 (24) Kuzmin,Y (2219)-Slavic,N (1912) Senta 2019}) 10... Nb4 $11 11. Qc3 (11. Qxc4 $11 a5 12. Rd1) 11... c5 $15 12. dxc5 Bxc5 13. Nxc4 Ra7 14. Be3 Bxe3 15. Nxe3 ({Wrong is} 15. Qxe3 $2 Nc2 $19) 15... Qe7 16. Na3 Rc7 17. Qb3 N8c6 18. Rac1 Rd7 19. Nac2 a5 (19... Rd3 $5 20. Qc4 $8 a5 $11) 20. Nxb4 Nxb4 21. Rfd1 Ba6 22. Nc4 Rxd1+ 23. Rxd1 Qc5 24. Bf1 h6 25. Qe3 Qxe3 26. Nxe3 Bxf1 27. Kxf1 b5 {Accuracy: White = 81%, Black = 80%.} (27... g5 $11 {remains equal.}) 1/2-1/2

[Event "POR-ch 2020"]
[Site "Portimao"]
[Date "2020.09.09"]
[Round "3.3"]
[White "Martins, Bruno Andre Leite"]
[Black "Reis, Luis Sousa"]
[Result "1-0"]
[WhiteElo "2248"]
[BlackElo "2154"]
[Annotator "TA"]
[PlyCount "73"]
[EventDate "2020.09.07"]
[EventType "tourn"]
[EventCountry "POR"]
[SourceTitle "playchess.com"]
[Source "ChessBase"]
[SourceQuality "1"]

{[%evp 11,73,8,14,9,7,11,13,4,13,10,8,0,0,13,12,10,2,-26,-20,-20,-16,-5,-2,-38,-46,-45,-28,-38,-9,-12,-14,-22,-21,-17,8,12,38,22,14,14,64,64,81,9,9,9,7,8,45,8,9,14,58,43,39,38,320,274,441,434,427,419,1338,1205]} 1. e4 c5 2. Nf3 d6 3. d4 cxd4 4. Nxd4 Nf6 5. Nc3 a6 6. Bd3 e5 7. Nf5 {B90: Sicilian Najdorf: Unusual White 6th moves, 6 Be3 Ng4 and 6 Be3 e5.} Bxf5 8. exf5 d5 9. Bg5 {The position is equal.} Bb4 10. O-O Bxc3 11. bxc3 Nbd7 12. c4 dxc4 (12... h6 $5 {[%cal Rh6g5]} 13. Bxf6 Nxf6 $11) 13. Bxc4 {[#]} O-O $146 ({Predecessor:} 13... Qc7 14. Qe2 O-O 15. Bb3 h6 16. Bh4 Qc5 17. Rad1 Rac8 18. Kh1 Rc6 19. f3 b5 {0-1 (58) Novotny,M-Huliak,P Slovakia 2002}) 14. Bd5 (14. Bb3 {looks sharper.} h6 15. Bc1 Qc7 16. Qf3 Nc5 17. Bb2) 14... Qc7 15. c4 Nxd5 16. cxd5 Qd6 17. Qf3 Rfc8 18. Rab1 $1 b5 19. Rbc1 Rc4 20. Rxc4 bxc4 21. Bc1 Nf6 22. Rd1 e4 23. Qc3 Ng4 24. g3 Rc8 25. h3 Ne5 (25... Nf6 {keeps more tension.} 26. g4 h5 27. g5 Nd7 28. Bb2 f6) 26. Bf4 f6 27. Bxe5 (27. Qe3 $16) 27... Qxe5 $11 28. Qxe5 fxe5 $16 {[%mdl 4096] Endgame KR-KR} 29. d6 c3 30. Kf1 Kf7 31. d7 c2 {[#]} 32. Rc1 $1 {[%mdl 512]} Rd8 33. Rxc2 {aiming for Rd2.} Kf6 $2 {[%mdl 8192] Loses the game.} (33... Rxd7 $14 34. Rc6 a5) 34. Rc6+ Kxf5 $2 {[#]} (34... Ke7 35. Re6+ (35. Rxa6 Rxd7 36. a4 Rd2 $18) 35... Kf7 36. Rxe5 (36. Rxa6 Rxd7 37. a4 Rd1+ 38. Ke2 Ra1 $18) 36... Rxd7 37. Rxe4 Rd5) 35. Rd6 $1 $18 e3 36. f3 h5 (36... e4 $142 37. f4 g5 38. fxg5 Kxg5) 37. h4 {Accuracy: White = 79%, Black = 67%.} 1-0

[Event "POR-ch 2020"]
[Site "Portimao"]
[Date "2020.09.09"]
[Round "3.4"]
[White "Diogo, Vasco"]
[Black "Dias, Paulo"]
[Result "1/2-1/2"]
[WhiteElo "2207"]
[BlackElo "2341"]
[Annotator "TA"]
[PlyCount "53"]
[EventDate "2020.09.07"]
[EventType "tourn"]
[EventCountry "POR"]
[SourceTitle "playchess.com"]
[Source "ChessBase"]
[SourceQuality "1"]

{[%evp 9,53,-42,-52,-66,-67,-53,-38,-47,-35,-55,-12,-31,-7,-7,0,-11,25,-42,33,-61,13,-48,37,36,89,77,118,-32,13,15,84,93,77,74,82,86,135,0,0,0,0,0,0,0,0,0]} 1. e4 c6 2. d4 d5 3. c4 dxe4 4. Nc3 Nf6 5. Be3 Bf5 {[#]} 6. h3 $146 {B12: Caro-Kann: Advance Variation.} ({Predecessor:} 6. Be2 e6 7. Rc1 Be7 8. Nh3 h6 9. g4 Bh7 10. Rg1 g5 11. Rg2 Rg8 12. Kf1 {1-0 (57) Zala,G (2023)-Kron,G (1860) Budapest 2011}) 6... h5 7. Qc2 Na6 8. a3 {Black is slightly better.} Qa5 9. O-O-O e6 10. Kb1 O-O-O 11. Nge2 Kb8 12. Ng3 {[%cal Rc3e4]} Be7 13. Be2 ({White should try} 13. Nxf5 $11 exf5 14. Be2) 13... Ka8 (13... Bg6 $15) 14. Rd2 (14. Nxf5 $14 exf5 15. Bf4) 14... Nc7 (14... Bg6 $15) 15. Rhd1 ({White should play} 15. Nxf5 $11 Qxf5 16. Rf1) 15... h4 (15... Bg6 $15) 16. Nxf5 $14 exf5 (16... Qxf5 $14 17. f3 exf3 18. Qxf5 exf5 19. Bxf3 Rde8) 17. f3 $16 Rhe8 18. Bf4 (18. fxe4 $16 {Strongly threatening e5.} fxe4 19. Qb3) 18... Bd6 (18... Ne6 $5 {[%cal Re6f4]} 19. Bh2 e3 $15) 19. Bg5 $1 Ne6 (19... e3 $11 20. Rd3 Ne6 21. Bxe3 Nf4) 20. Bxf6 $1 gxf6 21. fxe4 {Black must now prevent d5.} Bf4 22. Rd3 Bg5 {[#]} 23. Bf3 (23. d5 $1 $16 {[%cal Rd5e6]} fxe4 24. Nxe4) 23... Nf4 $36 {[%mdl 2048] Black has the initiative.The position is equal.} 24. R3d2 Ne6 25. Rd3 Nf4 26. R3d2 Ne6 27. Rd3 {Accuracy: White = 61%, Black = 36%.} 1/2-1/2

[Event "POR-ch 2020"]
[Site "Portimao"]
[Date "2020.09.09"]
[Round "3.5"]
[White "Veiga, Jose Francisco R P N"]
[Black "Sousa, Andre Ventura"]
[Result "1/2-1/2"]
[WhiteElo "2344"]
[BlackElo "2378"]
[Annotator "TA"]
[PlyCount "95"]
[EventDate "2020.09.07"]
[EventType "tourn"]
[EventCountry "POR"]
[SourceTitle "playchess.com"]
[Source "ChessBase"]
[SourceQuality "1"]

{[%evp 13,95,12,14,3,12,16,9,0,7,0,0,0,0,0,18,0,16,0,7,-10,2,0,0,-17,-21,-20,-18,-21,-18,-18,-18,-18,-10,-11,-11,-13,-9,-9,-5,-8,-8,-12,-12,-10,-14,-45,-40,-68,-56,-89,-15,-41,-4,-4,-5,-6,-14,-7,6,4,25,8,15,8,0,0,0,0,10,0,9,0,0,0,18,13,25,-2,-2,-2,-2,-2,-2,-2]} 1. e4 e5 2. Nf3 Nc6 3. Bb5 a6 4. Ba4 Nf6 5. O-O Be7 6. d3 b5 7. Bb3 d6 8. a3 {is the new trend. C84: Closed Ruy Lopez: Unusual White 6th moves.} Na5 9. Ba2 c5 10. Bg5 O-O 11. Nc3 Be6 12. Bxf6 Bxf6 13. Nd5 Nc6 14. c3 g6 15. Qd2 Rc8 16. b4 Bg7 17. h3 Ne7 18. Nxe7+ Qxe7 19. Bxe6 Qxe6 20. a4 d5 21. axb5 axb5 22. Ra5 {[#]} Rfd8 $146 {[#] And now ...cxb4 would win.} ({Predecessor:} 22... dxe4 23. dxe4 Qc4 24. Rd1 cxb4 25. cxb4 Qxe4 26. Rxb5 Rc2 27. Qe1 Re2 28. Qf1 Rb2 {½-½ (41) Mischuk,D (2363)-Kazantsev,N (2177) Cheliabinsk 2018}) 23. Qa2 cxb4 24. cxb4 Qc6 25. Ra7 Ra8 26. Rxa8 Rxa8 27. exd5 Qb7 28. Qb3 Rd8 29. d6 Rxd6 30. Rc1 Qd7 31. Ne1 Qa7 (31... Bf8 $17 32. Qa2 Rc6 33. Rxc6 Qxc6) 32. Rc5 Qa1 33. Kf1 Bh6 34. Qc3 (34. Rc7 {is more complex.} Re6 35. Qc3 Qxc3 36. Rxc3 Bf8 37. Rc8) 34... Qxc3 35. Rxc3 $11 {[%mdl 4096] Endgame KRB-KRN} Rd5 36. Ke2 Kf8 37. Nc2 Ke7 38. Rc7+ Ke6 39. Ne3 Rd4 40. Nc2 Rd7 41. Rc5 Rd5 {White should prevent ...Rxc5.} 42. Rc7 Bg5 43. Ne3 Rd7 44. Rc5 Rb7 45. d4 exd4 {[#] ...Be7 is the strong threat.The position is equal.} 46. Nc2 Be7 47. Nxd4+ Kf6 48. Rxb5 {Accuracy: White = 87%, Black = 92%.} 1/2-1/2

[Event "POR-ch 2020"]
[Site "Portimao"]
[Date "2020.09.10"]
[Round "4.1"]
[White "Rocha, Sergio"]
[Black "Sousa, Andre Ventura"]
[Result "0-1"]
[WhiteElo "2341"]
[BlackElo "2378"]
[Annotator "TA"]
[PlyCount "122"]
[EventDate "2020.09.07"]
[EventType "tourn"]
[EventCountry "POR"]
[SourceTitle "playchess.com"]
[Source "ChessBase"]
[SourceQuality "1"]

{[%evp 13,122,9,17,20,23,0,-1,-17,0,-31,-35,-39,-32,-31,-27,-29,-19,-36,-29,-32,-32,-52,-30,-19,-21,-9,-11,-24,-11,-66,-68,-60,-61,-62,-65,-77,-56,-53,-22,-21,-14,-20,-11,-13,-10,0,0,-22,-16,-29,-28,-129,-131,-130,-127,-114,-121,-91,-77,-136,-129,-114,0,-116,-65,-82,-44,-58,0,0,0,0,0,0,0,0,0,0,0,-595,-582,-664,-638,-899,-889,-29976,-29978,-29946,-524,-404,-348,-11157,-9793,-7875,-6372,-29959,-29961,-29969,-29962,-12799,-4235,-12792,-12687,-6529,-7371,-2492,0,-5181,-2341,-1566,-1518]} 1. Nf3 Nf6 2. d4 g6 3. g3 Bg7 4. Bg2 d5 5. c4 O-O 6. cxd5 Nxd5 7. O-O Nb6 {[#]} 8. Bd2 $146 {D76: Fianchetto Grünfeld: Main Line with 7...Nb6.} ({Predecessor:} 8. Nc3 Nc6 9. e3 a5 10. Qe2 a4 11. Rd1 Nb4 12. e4 Bg4 13. Be3 Qd7 14. Rac1 a3 15. b3 Ra5 16. d5 e6 17. h3 Bxf3 18. Bxf3 exd5 19. Nxd5 N6xd5 20. exd5 {1-0 (55) Vachier Lagrave,M (2778)-Melkumyan,H (2663) chess.com INT 2020}) 8... Nc6 9. Bc3 Nd5 10. Nbd2 {The position is equal.} e5 11. dxe5 Nxc3 12. bxc3 Nxe5 13. Nxe5 Bxe5 14. Qc2 c6 15. Rfd1 Qe7 16. Nf3 Bg7 17. Nd4 a6 18. e3 c5 19. Ne2 Bf5 20. Qb3 Bg4 21. Rd2 (21. Qc4 $11 h5 22. a4) 21... Rad8 $15 22. Rxd8 Rxd8 23. Nf4 b5 24. h3 Bf5 {Hoping for ...c4.} 25. Nd5 Qe5 {And now ...c4 would win.} 26. Rd1 Be4 $36 {[%mdl 2048] White must now prevent ...c4. Black has good play.} 27. c4 Bxg2 28. Kxg2 Qe4+ 29. f3 bxc4 30. Qa4 Qe6 31. Qxc4 {[#]} Bd4 $1 {[%mdl 512]} 32. exd4 (32. e4 $11 {remains equal.}) 32... Rxd5 $11 {[%mdl 4096] Endgame KQR-KQR} 33. a4 a5 34. Kf2 Qd7 35. Ke3 Qd6 36. g4 ({White should play} 36. h4) 36... Qe6+ $17 37. Kf2 Qd6 38. Ke3 $1 g5 (38... Qe7+ $17 39. Kf2 Qd6) 39. Rd3 $1 $15 Qf4+ 40. Ke2 $1 Rxd4 (40... Qh2+ $15 41. Kd1 Qd6) 41. Qxc5 $11 Qh2+ ({But not} 41... Rxa4 $2 42. Rd8+ Kg7 43. Qf8+ Kg6 44. Rd6+ Qxd6 45. Qxd6+ $18) 42. Ke3 Qg1+ 43. Ke2 Qg2+ 44. Ke3 Rxd3+ 45. Kxd3 Qxf3+ {KQ-KQ} 46. Kc4 $2 {[%mdl 8192] Black continues to play with concentration.} (46. Kd2 $11) 46... Qf1+ $19 47. Kd5 Qd1+ 48. Ke5 Qxa4 49. Kf6 Qf4+ 50. Ke7 Qe4+ (50... Qb4 $142 51. Kd6 Qxc5+ 52. Kxc5 f5 53. gxf5 h5 54. Kb5 Kf7 55. Kxa5 g4 56. hxg4 hxg4 57. Kb4 Kf6 58. Kc4 g3 59. Kd4 g2 60. Kc4 Kxf5 61. Kc5 g1=Q+ 62. Kd5 Qb6 63. Kc4 Ke4 64. Kc3 Qd4+ 65. Kc2 Qb4 66. Kd1 Kd3 67. Kc1 Qb5 68. Kd1 Qb1#) 51. Kd8 Qa8+ 52. Kd7 $2 (52. Kc7 h6 53. Qa3) 52... h6 53. h4 gxh4 54. g5 Qb7+ 55. Ke8 Qe4+ 56. Kd8 Qd3+ 57. Ke8 Qe2+ 58. Kd8 Qd2+ 59. Ke8 Qe2+ 60. Kd8 $1 {[#]} Qh5 $1 61. Ke8 hxg5 {Accuracy: White = 66%, Black = 80%.} 0-1

[Event "POR-ch 2020"]
[Site "Portimao"]
[Date "2020.09.10"]
[Round "4.2"]
[White "Dias, Paulo"]
[Black "Veiga, Jose Francisco R P N"]
[Result "1/2-1/2"]
[WhiteElo "2341"]
[BlackElo "2344"]
[Annotator "TA"]
[PlyCount "88"]
[EventDate "2020.09.07"]
[EventType "tourn"]
[EventCountry "POR"]
[SourceTitle "playchess.com"]
[Source "ChessBase"]
[SourceQuality "1"]

{[%evp 23,88,36,47,22,17,28,25,0,0,-10,0,-7,0,0,0,0,0,0,0,0,0,-4,-4,-4,0,0,0,0,0,0,0,0,0,0,0,-25,-24,-218,-118,-116,-53,-184,-19,-19,0,0,0,-19,-19,-19,-19,-19,-19,-19,0,0,0,0,0,0,0,0,0,0,0,0,0]} 1. Nf3 Nf6 2. c4 g6 3. d4 Bg7 4. g3 O-O 5. Bg2 c5 6. O-O cxd4 7. Nxd4 Nc6 8. Nc3 Nxd4 9. Qxd4 d6 10. Qd3 a6 11. Bd2 Rb8 12. Rac1 Bd7 13. b3 {A39: Symmetrical English vs ...g6: 4 Bg2 Bg7 5 Nf3 Nf6 6 0-0 0-0 7 d4.} b5 14. Rfd1 Qb6 15. Nd5 {White has an edge.} (15. Be3 {looks sharper.} bxc4 16. Qxc4 Qa5 17. Qd3 Rfc8 18. Bd2) 15... Nxd5 16. cxd5 b4 {[#]} 17. Qe4 $146 ({Predecessor:} 17. Be3 Qa5 18. Rc2 Rfc8 19. Bg5 Rxc2 20. Qxc2 Rc8 21. Qe4 Bf8 22. Bf3 Qxa2 23. Qxb4 {0-1 (33) Frois,A (2274)-Veiga,J (2322) Penafiel 2020}) 17... Bf6 18. Rc4 {[%cal Rc4b4]} a5 19. Rdc1 Rbc8 20. h4 Rxc4 (20... h5 {seems wilder.} 21. Bg5 Bxg5 22. hxg5 Bf5 23. Qf4 Bd7) 21. Rxc4 Rc8 22. Bg5 {Threatens to win with Rxc8+.} Rxc4 23. Qxc4 Bxg5 24. hxg5 Qc5 25. Qa6 $1 Bc8 26. Qa8 {Hoping for Bh3.} Kg7 27. Bf3 h6 28. gxh6+ Kxh6 29. e4 Kg7 30. Qb8 $2 {[#]} (30. Kg2 $11 {and White has nothing to worry.}) 30... Qc3 (30... Bh3 $1 $19 31. Qd8 Qc3) 31. Bg2 $17 {[#]} Bg4 $1 {And now ...Qe1+ would win.} 32. Qa7 $1 Qc1+ $2 ({Black should play} 32... Qa1+ $19 33. Kh2 Qxa2 34. Qd4+ Kg8) 33. Kh2 $11 {The position is equal.} Qh6+ 34. Kg1 Qc1+ 35. Kh2 Qc5 36. Qxe7 Qxf2 37. e5 $1 dxe5 38. Qxe5+ Kh7 {( -> ...Bf3)} 39. Qe7 Be2 40. d6 Bf1 {[%csl Gf1][%cal Rf2g2]} 41. Qb7 Bxg2 42. Qxg2 Qd4 43. Qc6 Qf2+ 44. Qg2 Qd4 {Accuracy: White = 81%, Black = 86%.} 1/2-1/2

[Event "POR-ch 2020"]
[Site "Portimao"]
[Date "2020.09.10"]
[Round "4.3"]
[White "Reis, Luis Sousa"]
[Black "Diogo, Vasco"]
[Result "1-0"]
[WhiteElo "2154"]
[BlackElo "2207"]
[Annotator "TA"]
[PlyCount "103"]
[EventDate "2020.09.07"]
[EventType "tourn"]
[EventCountry "POR"]
[SourceTitle "playchess.com"]
[Source "ChessBase"]
[SourceQuality "1"]

{[%evp 11,103,22,28,30,35,39,41,23,44,-12,0,0,0,0,-12,-16,0,-12,14,20,18,19,25,18,12,-2,0,-9,0,0,0,-43,0,0,0,-12,0,-9,0,-14,0,0,0,-38,-43,-61,-52,-115,-87,-126,0,0,0,0,0,0,311,308,301,289,298,297,388,388,630,598,1619,1541,29965,1234,1120,1291,1295,1295,1246,1231,1249,1098,1279,1205,2133,2127,1992,2088,1975,2683,2632,2553,2440,2435,29985,29986,29986,29986]} 1. d4 Nf6 2. c4 e5 3. dxe5 Ng4 4. e4 Nxe5 5. f4 Ng6 6. Be3 Bb4+ 7. Nd2 {A52: Budapest Gambit.} Qe7 8. Qc2 Nc6 9. O-O-O {[#] White is slightly better.} a5 $146 {[%cal Ba7a5,Ba5a4,Ba4a3][%mdl 32]} ({Predecessor:} 9... Bxd2+ 10. Bxd2 d6 11. g3 Bg4 12. Re1 O-O-O 13. h3 Bd7 14. Bg2 f6 15. Ne2 Rhe8 {½-½ (38) Parks,J (1822)-McGovern,P (1696) Dundee 2013}) 10. Ngf3 ({White should play} 10. Ne2 $14) 10... a4 $11 11. Nd4 Nxd4 12. Bxd4 Nxf4 {Black wants to play ...Ne6.} 13. Bxg7 Rg8 14. Bc3 a3 15. b3 Bxc3 ({Don't blunder} 15... Nxg2 $2 16. Rg1 $18) 16. Qxc3 d6 17. g3 Ng6 18. Nf3 Bg4 19. Bg2 Bxf3 20. Bxf3 Ne5 21. Rhf1 b6 $40 {[%mdl 128] Black mounts an attack.} (21... h5 $5) 22. Be2 Rg6 23. Rf5 Rg5 24. Rdf1 Rxf5 25. exf5 Qg5+ 26. Kc2 Kf8 27. h4 Qf6 28. b4 c5 $1 29. b5 (29. Rf4 $15) 29... Ra4 $17 30. Rf4 {[#]} Nd7 (30... d5 $1 $17 {[%mdl 512] Hoping for ...d4.} 31. Qb3 {[#]} (31. cxd5 Rxf4) 31... Nxc4 $1 {[%mdl 512]} 32. Bxc4 Rxc4+ 33. Rxc4 dxc4 34. Qxc4 Qb2+ 35. Kd3 Qb1+ 36. Ke3 Qxf5) 31. Qxf6 $11 Nxf6 {[%mdl 4096] Endgame KRB-KRN} 32. Kb3 Ra7 33. Bf3 Nd7 $2 {[%mdl 8192] White leaves nothing to chance now.} (33... Re7 $11) 34. f6 $18 Ne5 {intending ...Nd3.} 35. Be4 h6 36. g4 Ke8 37. g5 hxg5 $2 (37... h5 38. Bf3 Nxf3 39. Rxf3 Kd7) 38. hxg5 Rc7 39. Rh4 {Threatening mate with Rh8+.} d5 40. Bxd5 (40. Bf5 $142 dxc4+ 41. Kc3 Nd7 42. Bxd7+ Kxd7 43. g6 Rc8 44. g7 Re8 45. Rh8 Re3+ 46. Kxc4 Re4+ 47. Kd5 Rd4+ 48. Ke5) 40... Kd7 41. Rh7 Kd6 42. Kxa3 Rd7 43. Kb3 Rc7 44. a4 Ra7 45. Rg7 Rd7 {[#]} 46. a5 $1 bxa5 47. Ka4 Rd8 48. Bxf7 Rh8 49. Bd5 Rh2 50. Kxa5 Nd7 {[#]} 51. Rxd7+ $1 Kxd7 52. Kb6 {Accuracy: White = 80%, Black = 65%.} 1-0